Mecánica de los fluidos e hidráulica
Uloženo v:
| Hlavní autoři: | , , |
|---|---|
| Médium: | Kniha |
| Jazyk: | španělština |
| Vydáno: |
Madrid
McGraw Hill
1994
|
| Vydání: | 2a. ed |
| Edice: | Schaum
|
| Témata: | |
| Tagy: |
Přidat tag
Žádné tagy, Buďte první, kdo vytvoří štítek k tomuto záznamu!
|
MARC
| LEADER | 00000nam a2200000 a 4500 | ||
|---|---|---|---|
| 001 | UCO9021 | ||
| 003 | CL-VaPUC | ||
| 008 | 010119e19940000SP |||||||||||||||||spa|d | ||
| 082 | 0 | 4 | |a 532 |b GIL |2 21 |
| 100 | |a Giles, Ranald V |e author |9 578682 | ||
| 700 | 0 | |a Evett, Jack B |e author |9 454102 | |
| 700 | 0 | |a Liu, Cheng |e author |9 454103 | |
| 245 | 1 | 0 | |a Mecánica de los fluidos e hidráulica |
| 250 | |a 2a. ed | ||
| 300 | |a 420 p | ||
| 942 | |c BK | ||
| 945 | |d 20010119 00:00:00 |a vberengu | ||
| 260 | |a Madrid |b McGraw Hill |c 1994 | ||
| 650 | 0 | |a Análisis dimensional |9 375307 | |
| 650 | 0 | |a Estática de fluidos |9 375305 | |
| 650 | 0 | |a Fluidos |9 259333 | |
| 650 | 0 | |a Flujo de fluidos |9 426535 | |
| 650 | 7 | |a MAQUINARIA HIDRAULICA |2 CL-VaPUC |9 454104 | |
| 650 | 0 | |a Propiedades de los fluidos |9 426534 | |
| 583 | |a last modification |c 20131021 06:08:00 |k Rodrigo Vera | ||
| 490 | 0 | |a Schaum | |
| 999 | |c 293426 |d 293424 | ||
| 952 | |0 0 |1 0 |2 ddc |4 0 |6 532_000000000000000_GIL_1994 |7 0 |8 A |9 344949 |a BIBING |b BIBING |d 2019-11-20 |i 3686604 |l 2 |o 532 GIL 1994 |p 3686604 |r 2025-01-20 |s 2022-09-26 |w 2019-11-20 |y BK |k EIQ | ||
| 952 | |0 0 |1 0 |2 ddc |4 0 |6 532_000000000000000_GIL_1994 |7 0 |8 A |9 344950 |a BIBING |b BIBING |c RES |d 2019-11-20 |i 3686612 |o 532 GIL 1994 |p 3686612 |r 2025-01-20 |w 2019-11-20 |y BK |k EIQ | ||
| 952 | |0 0 |1 0 |2 ddc |4 0 |6 532_000000000000000_GIL_1994 |7 0 |8 A |9 344951 |a BIBING |b BIBING |c RES |d 2019-11-20 |i 3686620 |l 3 |o 532 GIL 1994 |p 3686620 |r 2025-01-20 |s 2024-06-19 |w 2019-11-20 |y BK |k EIQ | ||
| 952 | |0 0 |1 2 |2 ddc |4 0 |6 532_000000000000000_GIL_1994 |7 0 |8 A |9 344952 |a BIBING |b BIBING |d 2019-11-20 |i 3686639 |o 532 GIL 1994 |p 3686639 |r 2019-11-20 |w 2019-11-20 |y BK |k EIQ | ||
| 952 | |0 0 |1 0 |2 ddc |4 0 |6 532_000000000000000_GIL_1994 |7 0 |8 A |9 344953 |a BIBING |b BIBING |c RES |d 2019-11-20 |i 3686647 |o 532 GIL 1994 |p 3686647 |r 2025-01-20 |w 2019-11-20 |y BK |k EIQ | ||
| 952 | |0 0 |1 0 |2 ddc |4 0 |6 532_000000000000000_GIL_1994 |7 0 |8 A |9 344954 |a BIBING |b BIBING |c RES |d 2019-11-20 |i 3686655 |o 532 GIL 1994 |p 3686655 |r 2025-01-20 |w 2019-11-20 |y BK |k EIQ | ||